Collective action and radicalism in Brazil : women, urban housing, and rural movements

Αποθηκεύτηκε σε:
Λεπτομέρειες βιβλιογραφικής εγγραφής
Κύριος συγγραφέας: Duquette, Michael 1947-
Μορφή: Βιβλίο
Γλώσσα:English
Δημοσίευση: Toronto : University of Toronto Press, c2005
Σειρά:Studies in comparative political economy and public policy ; ; 20
Θέματα:
Ετικέτες: Προσθήκη ετικέτας
Δεν υπάρχουν, Καταχωρήστε ετικέτα πρώτοι!

MARC

LEADER 00000nam a2200000 i 4500
001 1/55493
008 070920s2005 eng d
020 |a 0-8020-3907-3 
035 |l 10090880 
040 |a GR-MY-UA  |b gre  |e aacr 
041 0 |a eng 
082 0 |a 303.4840981  |2 (22) 
100 1 |a Duquette, Michael  |d 1947- 
245 1 0 |a Collective action and radicalism in Brazil :  |b women, urban housing, and rural movements /  |c Michel Duquette ... [και ά.] 
260 |a Toronto :   |b University of Toronto Press,   |c c2005 
300 |a xix, 217 σ.;  |c 24 εκ. 
490 1 |a Studies in comparative political economy and public policy  |v ; 20 
504 |a Περιέχει βιβλιογραφικές παραπομπές και ευρετήριο 
650 0 0 |a Social movements  |z Brasil  |x History  |y 20th century. 
650 0 0 |a Women in politics  |z Brazil. 
650 0 0 |a Radicalism  |z Brazil. 
650 0 0 |a Housing  |z Brazil. 
651 0 |a Brazil  |x Social conditions  |y 1985- 
651 0 |a Brazil  |x Politics and government  |y 1985-2002. 
830 0 |a Studies in comparative political economy and public policy ;  |v ; 20 
852 |a INST  |b LESVOS  |e 20070920  |h 303.4840981 DUQ  |p 005100040914  |q 005100040914  |t BK  |y 0 
901 |a BIBL1-2007-3 
909 |a Λ  |b 138861 
922 |a 1ΕΛΗ  |b 200708  |c ΕΠΕΑΕΚ2/ΤΚ  |d ΠΑΠΑΣΩΤΗΡΙΟΥ 
970 |a ΚΑΡΑ  |b ΓΙΑΣΕΜΗ  |z 2007/09/20